| 000 | 00467nam a22001217a 4500 | ||
|---|---|---|---|
| 999 |
_c18854 _d18854 |
||
| 008 | 210224b xxu||||| |||| 00| 0 eng d | ||
| 050 |
_aThe GMMF 1197 _b.L45 2019 C.1 |
||
| 100 | _aLelei, Faith | ||
| 245 |
_aExperiences of home based caregivers of advanced cancer patients from a regional faith based palliative care center in Kenya. _cFaith Lelei |
||
| 260 |
_aKabarak, Nakuru, kenya: _bKabarak University, _c2019. |
||
| 300 | _axiii, 82 leaves | ||
| 942 |
_2lcc _cTHE |
||